Countries of the Middle East - Sudden Death - Statistics

General Stats
  • This quiz has been taken 23 times
  • The average score is 10 of 15
Answers on the Grid
Answers color-coded by a green-red scale on the quiz's grid according to % correct below.
Algeria
Iran
Iraq
Egypt
Israel
Oman
Saudi Arabia
Yemen
Jordan
Kuwait
Turkey
United Arab Emirates
Lebanon
Syria
Qatar
Bosnia-Herzegovina
Brunei
Afghanistan
India
Nigeria
Albania
Russia
Pakistan
Tajikistan
Indonesia
Malaysia
Burkina Faso
Djibouti
Gambia
Guinea
 
Answer Stats
Answer % Correct
Jordan
81%
Kuwait
81%
Yemen
81%
Oman
75%
Qatar
75%
Saudi Arabia
75%
Syria
75%
United Arab Emirates
75%
Iran
69%
Israel
69%
Lebanon
69%
Egypt
63%
Iraq
63%
Turkey
56%
Algeria
25%
No matching quizzes found
Score Distribution
Percent of People with Each Score
Percentile by Number Answered
Your Score History
You have not taken this quiz